000 00723nam a22002297a 4500
003 UA-OsUOA
001 104130
007 ta
008 20131206b un ||||| |||| 00| 0 ukr d
100 _aБертран А.
090 _a821.161.1
_bБ52
942 _cBK
040 _aUA-OsUOA
_brus
_cUA-OsUOA
_dUA-OsUOA
245 _aГаспар из тьмы
_bфантазии в манере Рембранта и Калло
_cподг. И. И. Балашов, Е. А. Гунст, Ю. Н. Стефанов
300 _a352 с.
955 _a3
041 _arus
080 _a821.161.1
260 _aМ.
_bНаука
_c1981
650 7 _a82 Література. Літературознавство
_2UDC
999 _c389561
_d389561